00582nam a2200193Ia 4500003000400000005001700004008004100021020001500062040002900077050003400106100005400140245005500194260003100249300002400280650002300304650002200327700002200349700001700371OSt20230309165302.0221021s9999||||xx |||||||||||||| ||und|| a0072844485 cChuka University Library aBSL HD 30.28b.T461 SUPP 2005 aThompson,A.A, A.J. Strickland III, John E. Gamble 0aCrafting and executing strategy:text and readings/ aBostonbMc graw hillc2005 a592bIncludes Index aStrategic Planning aBusiness Planning aStrickland , A.J. aGamble, J.E.